Statystyki dla Imię Żeńskie na literę "D"

Kliknij tutaj aby rozwiązać quiz!

Ogólne statystyki

  • Ten quiz został rozwiązany 656 razy
  • Średni wynik to 4 z 7

Statystyki odpowiedzi

Odpowiedź% Poprawnych
Danuta
88%
Dominika
75%
Dorota
73%
Dagmara
49%
Diana
40%
Daniela
30%
Dobrosława
21%

Rozkład punktacji

Percentyl według liczby udzielonych odpowiedzi

Procent ludzi z każdym wynikiem

Twoja historia wyników

Nie rozwiązałeś tego quizu